[Event "Stay Safe Play From Home 340"]
[Site "Emanuel Lasker Arena"]
[Date "2020.07.29"]
[Round "9"]
[White "Padmaesh M K"]
[Black "Mepe_Nika"]
[Result "0-1"]
[WhiteElo "1775"]
[BlackElo "2411"]
[Annotator "TA"]
[PlyCount "84"]
[EventDate "2020.07.29"]
[EventType "swiss (blitz)"]

{[%evp 17,84,10,10,9,7,0,0,0,0,0,0,0,0,-28,-30,-56,-56,-73,-75,-69,28,-897,-274,-592,-583,-561,-556,-544,-147,-748,722,-2078,-718,-695,716,-1977,-2002,-5493,-1478,-2094,-728,-728,-710,-749,-749,-992,-992,-921,-938,-950,-941,-1077,-1067,-1068,-1049,-1115,-1112,-1077,-1044,-1028,-1027,-996,-649,-1453,-1367,-1289,-1015,-29981,-29982]} 1. d4 d5 2. c4 c6 3. Nc3 Nf6 4. cxd5 cxd5 5. Nf3 Nc6 6. Bf4 a6 7. e3 Bg4 8. Be2 e6 9. O-O Bd6 10. Ne5 {D13: Slav Defence: Exchange variation without ...Bf5.} Bxe2 11. Qxe2 Bxe5 12. Bxe5 {The position is equal.} Nxe5 13. dxe5 Nd7 14. f4 O-O 15. Rf3 {[#]} Rc8 $146 ({Predecessor:} 15... f6 16. exf6 Nxf6 17. Rd1 b5 18. a3 Qb6 19. Rd4 Rac8 20. Rf1 Rc4 21. Rfd1 Nd7 {0-1 (46) Nguyen,M-Vo,T (2340) Ho Chi Minh City 2009}) 16. Rh3 g6 17. g4 Qb6 18. g5 d4 (18... Rc4 $15 19. Kg2 Rb4) 19. Qg4 $2 {[%mdl 8192]} (19. Ne4 $11) 19... Rfd8 $2 (19... Qxb2 20. exd4 Qxa1+ 21. Qd1 Qb2) 20. Qh4 $2 (20. exd4 {is a better chance.} Qxd4+ 21. Kh1) 20... dxc3 $19 21. Qxh7+ Kf8 22. bxc3 Rxc3 $2 (22... Ke7 $19 {is more deadly.} 23. Qh4 Rxc3) 23. Rd1 $2 {[%mdl 8192]} (23. f5 $17 gxf5 24. g6 Nxe5 25. g7+ Ke7 26. g8=Q Rxg8+ 27. Qxg8) 23... Rxe3 $4 {[%mdl 8192]} (23... Ke7 $19 24. Qg7 Rf8) 24. Kh1 $4 {[%mdl 8192]} (24. Qh8+ $18 Ke7 25. Qf6+ $1 {[%mdl 512]} Ke8 26. Rh8+ Nf8 27. Rxd8+ Qxd8 28. Rxf8+ $1 {[%mdl 576] Deflection} Kxf8 29. Qxd8+ Kg7 30. Qf6+ Kg8 31. h4) 24... Qc6+ 25. Kg1 Qb6 $4 {[%mdl 8192]} (25... Rxh3 $19 26. Qxh3 Qc5+ 27. Kh1 Qf2) 26. Kh1 $4 {[%mdl 8192]} (26. Qh8+ $18 Ke7 {[#]} 27. Qf6+ $1 {[%mdl 512]} Ke8 28. Rh8+ Nf8 29. Rxd8+ Qxd8 30. Rxf8+ $1 {[%mdl 576] Deflection} Kxf8 31. Qxd8+ Kg7 32. Qf6+ Kg8 33. a4) 26... Ke7 27. Qh4 Re2 {( -> ...Qc6+)} 28. Qg3 Qf2 29. Qxf2 Rxf2 30. Rhd3 Rxf4 31. Rd4 Rxd4 32. Rxd4 Nxe5 {[%mdl 4096] Endgame KRN-KR} 33. Re4 Nc6 34. Rc4 Rd1+ 35. Kg2 Rd5 36. Kh3 Rxg5 37. Rc2 Rh5+ 38. Kg2 Rd5 39. Kh1 b5 40. Rb2 Nd4 41. Rd2 Nf5 42. Rxd5 exd5 {Accuracy: White = 21%, Black = 37%.} 0-1

[Event "Stay Safe Play From Home 340"]
[Site "Emanuel Lasker Arena"]
[Date "2020.07.29"]
[Round "9"]
[White "Trotsky"]
[Black "Haris kollari 13"]
[Result "0-1"]
[WhiteElo "1536"]
[BlackElo "1616"]
[Annotator "NA"]
[PlyCount "60"]
[EventDate "2020.07.29"]
[EventType "swiss (blitz)"]

1. d4 {[%emt 0:00:01]} e6 {[%emt 0:00:01]} 2. e3 {[%emt 0:00:01]} d5 {[%emt 0:00:00]} 3. c4 {[%emt 0:00:01]} c6 {[%emt 0:00:01]} 4. Nc3 {[%emt 0:00:01]} f5 {[%emt 0:00:03]} 5. Nf3 {[%emt 0:00:01]} Nf6 {[%emt 0:00:01]} 6. Bd3 {[%emt 0:00:01]} Bd6 {[%emt 0:00:02]} 7. c5 {[%emt 0:00:01]} Bc7 {[%emt 0:00:01]} 8. Qc2 {[%emt 0:00:01]} Bd7 {[%emt 0:00:01]} 9. Bd2 {[%emt 0:00:01]} O-O {[%emt 0:00:01]} 10. h4 {[%emt 0:00:01]} b6 {[%emt 0:00:01]} 11. O-O-O {[%emt 0:00:01]} bxc5 {[%emt 0:00:01]} 12. g4 {[%emt 0:00:03]} Nxg4 {[%emt 0:00:03]} 13. Rdf1 {[%emt 0:00:03]} cxd4 {[%emt 0:00:02]} 14. exd4 {[%emt 0:00:01]} Bd6 {[%emt 0:00:02]} 15. Ng5 {[%emt 0:00:01]} h6 {[%emt 0:00:02]} 16. f3 {[%emt 0:00:01]} Nf6 {[%emt 0:00:02]} 17. Nxe6 {[%emt 0:00:12]} Bxe6 {[%emt 0:00:02]} 18. Bxf5 {[%emt 0:00:01]} Bxf5 {[%emt 0:00:01]} 19. Qxf5 {[%emt 0:00:01]} Qd7 {[%emt 0:00:01]} 20. Qd3 {[%emt 0:00:02]} c5 {[%emt 0:00:03]} 21. Rhg1 {[%emt 0:00:05]} Kh8 {[%emt 0:00:05]} 22. Qg6 {[%emt 0:00:02]} Nh7 {[%emt 0:00:05]} 23. Bxh6 {[%emt 0:00:03]} gxh6 {[%emt 0:00:02]} 24. Qxh6 {[%emt 0:00:01]} cxd4 {[%emt 0:00:01]} 25. Rg6 {[%emt 0:00:02]} Be5 {[%emt 0:00:02]} 26. Rfg1 {[%emt 0:00:02]} dxc3 {[%emt 0:00:02]} 27. bxc3 {[%emt 0:00:02]} Na6 {[%emt 0:00:03]} 28. Re6 {[%emt 0:00:04]} Bxc3 {[%emt 0:00:01]} 29. Rd6 {[%emt 0:00:03]} Qf7 {[%emt 0:00:01]} 30. Rgg6 {[%emt 0:00:02]} Bd4 {[%emt 0:00:01] Âðåìÿ (Lag: Av=0.39s, max=1.0s)} 0-1

[Event "Stay Safe Play From Home 340"]
[Site "Emanuel Lasker Arena"]
[Date "2020.07.29"]
[Round "9"]
[White "Mamba2001de"]
[Black "Cirovicz"]
[Result "1-0"]
[WhiteElo "1494"]
[BlackElo "1932"]
[Annotator "NA"]
[PlyCount "79"]
[EventDate "2020.07.29"]
[EventType "swiss (blitz)"]

1. e4 {[%emt 0:00:01]} e6 {[%emt 0:00:01]} 2. Nf3 {[%emt 0:00:01]} c5 {[%emt 0:00:00]} 3. c3 {[%emt 0:00:01]} d5 {[%emt 0:00:02]} 4. exd5 {[%emt 0:00:01]} exd5 {[%emt 0:00:01]} 5. d4 {[%emt 0:00:00]} Nc6 {[%emt 0:00:02]} 6. Be3 {[%emt 0:00:01]} cxd4 {[%emt 0:00:01]} 7. cxd4 {[%emt 0:00:01]} Nf6 {[%emt 0:00:01]} 8. Bb5 {[%emt 0:00:01]} Bb4+ {[%emt 0:00:02]} 9. Nc3 {[%emt 0:00:01]} Ne4 {[%emt 0:00:01]} 10. Rc1 {[%emt 0:00:02]} O-O {[%emt 0:00:02]} 11. a3 {[%emt 0:00:01]} Ba5 {[%emt 0:00:04]} 12. O-O {[%emt 0:00:02]} Nxc3 {[%emt 0:00:02]} 13. bxc3 {[%emt 0:00:01]} a6 {[%emt 0:00:01]} 14. Bxc6 {[%emt 0:00:01]} bxc6 {[%emt 0:00:01]} 15. c4 {[%emt 0:00:01]} Bg4 {[%emt 0:00:01]} 16. h3 {[%emt 0:00:02]} Bxf3 {[%emt 0:00:01]} 17. Qxf3 {[%emt 0:00:02]} Qd6 {[%emt 0:00:03]} 18. cxd5 {[%emt 0:00:01]} Qxd5 {[%emt 0:00:01]} 19. Rc5 {[%emt 0:00:02]} Qxf3 {[%emt 0:00:02]} 20. gxf3 {[%emt 0:00:01]} Bc7 {[%emt 0:00:02]} 21. Rxc6 {[%emt 0:00:02]} Bd8 {[%emt 0:00:03]} 22. Rfc1 {[%emt 0:00:01]} Be7 {[%emt 0:00:01]} 23. d5 {[%emt 0:00:01]} Bxa3 {[%emt 0:00:01]} 24. R1c3 {[%emt 0:00:02]} Bb4 {[%emt 0:00:01]} 25. R3c4 {[%emt 0:00:01]} a5 {[%emt 0:00:01]} 26. d6 {[%emt 0:00:01]} h6 {[%emt 0:00:01]} 27. d7 {[%emt 0:00:01]} Rfd8 {[%emt 0:00:01]} 28. Rc8 {[%emt 0:00:01]} Be7 {[%emt 0:00:02]} 29. Rxa8 {[%emt 0:00:01]} Rxa8 {[%emt 0:00:01]} 30. Rc8+ {[%emt 0:00:01]} Bd8 {[%emt 0:00:01]} 31. Rxa8 {[%emt 0:00:01]} a4 {[%emt 0:00:01]} 32. Rxd8+ {[%emt 0:00:01]} Kh7 {[%emt 0:00:00]} 33. Ra8 {[%emt 0:00:00]} a3 {[%emt 0:00:00]} 34. Rxa3 {[%emt 0:00:01]} g5 {[%emt 0:00:00]} 35. d8=Q {[%emt 0:00:01]} g4 {[%emt 0:00:00]} 36. Qd3+ {[%emt 0:00:01]} f5 {[%emt 0:00:02]} 37. Ra8 {[%emt 0:00:00]} h5 {[%emt 0:00:01]} 38. Qd6 {[%emt 0:00:01]} gxf3 {[%emt 0:00:01]} 39. Ra7+ {[%emt 0:00:01]} Kg8 {[%emt 0:00:01]} 40. Qd8# {[%emt 0:00:00] (Lag: Av=0.73s, max=1.3s)} 1-0